| 000 | 01432nac a22005417a 4500 | ||
|---|---|---|---|
| 001 | BR8104506 | ||
| 003 | BR-BrBNA | ||
| 005 | 20240105115034.0 | ||
| 008 | 230509b bl.|||m| |||| 00| 0 por d | ||
| 040 |
_aBR-BrBNA _bpor _cBiblioteca Nacional de Agricultura |
||
| 072 | _aE70; F00 | ||
| 090 | _a0400 BR8104506 | ||
| 110 | 1 |
_aComissao de Financiamento da Producao, Brasilia, DF (Brasil) _91989 |
|
| 245 | 1 | _aAnuario estatistico 1981 [Comissao de Financiamento da Producao, Brasil] | |
| 260 | 3 |
_aBrasilia, DF (Brasil): _c1981. |
|
| 300 | _a136 p. | ||
| 490 |
_aAnuario Estatistico - Comissao de Financiamento da Producao (Brazil) _vv. 9 _x |
||
| 500 | _aNumerical data | ||
| 650 | _aPOLITICA DE PRECO | ||
| 650 | _aPRECO MINIMO | ||
| 650 | _aCUSTO | ||
| 650 | _aALGODAO | ||
| 650 | _aJUTA | ||
| 650 | _aSISAL | ||
| 650 | _aLINHACA | ||
| 650 | _aGIRASSOL | ||
| 650 | _aMAMONA | ||
| 650 | _aSOJA | ||
| 650 | _aAMENDOIM | ||
| 650 | _aALHO | ||
| 650 | _aARROZ | ||
| 650 | _aCEVADA | ||
| 650 | _aMILHO | ||
| 650 | _aSORGO | ||
| 650 | _aTRIGO | ||
| 650 | _aBATATA | ||
| 650 | _aMANDIOCA | ||
| 650 | _aPALMA | ||
| 650 | _aCEBOLA | ||
| 650 | _aFEIJAO | ||
| 650 | _aFINANCIAMENTO | ||
| 650 | _aPRECO PAGO | ||
| 650 | _aMERCADO ATACADISTA | ||
| 650 | _aMERCADO VAREJISTA | ||
| 650 | _aESTATISTICA COMERCIAL | ||
| 909 |
_a202312 _bLúcia Elande _c55 _dLúcia Elande |
||
| 942 |
_2AGRIS _n0 _cMS |
||
| 999 |
_c272693 _d272693 |
||